Statistics for Top Ten Biggest Airlines of North America 2014

Click here to take the quiz!

General Stats

  • This quiz has been taken 178 times
  • The average score is 8 of 10

Answer Stats

HintAnswer% Correct
#2: 83,255,016 (USA)Delta Air Lines
98%
#1: 98,015,443 (USA)American Airlines
96%
#3: 67,737,000 (USA)United Airlines
94%
#4: 66,446,721 (USA)Southwest Airlines
90%
#7: 8,700,000 (Canada)Air Canada
88%
#5: 15,511,988 (USA)JetBlue Airways
73%
#9: 5,465,000 (Mexico)Aeromexico
68%
#8: 6,400,000 (Canada)WestJet
58%
#10: 4,392,739 (USA)Spirit Airlines
54%
#6: 14,002,000 (USA)Alaska Airlines
49%

Score Distribution

Percentile by Number Answered

Percent of People with Each Score

Your Score History

You have not taken this quiz